LEADER 01936nam 2200397 450 001 9910647485703321 005 20230510061642.0 035 $a(CKB)5860000000297471 035 $a(NjHacI)995860000000297471 035 $a(EXLCZ)995860000000297471 100 $a20230510d2023 uy 0 101 0 $aeng 135 $aur||||||||||| 181 $ctxt$2rdacontent 182 $cc$2rdamedia 183 $acr$2rdacarrier 200 10$aArchitectural Alignment of Access Control Requirements Extracted from Business Processes /$fRoman Pilipchuk 210 1$aKarlsruhe, Germany :$cKIT Scientific Publishing,$d2023. 215 $a1 online resource (329 pages) $cillustrations 311 $a1000148100 327 $aIntroduction -- Foundations -- Approach -- Process for Utilizing Approaches in Organizations -- Validation -- Related Work -- Conclusion. 330 $aBusiness processes and information systems evolve constantly and affect each other in non-trivial ways. Aligning security requirements between both is a challenging task. This work presents an automated approach to extract access control requirements from business processes with the purpose of transforming them into a. access permissions for role-based access control and b. architectural data flow constraints to identify violations of access control in enterprise application architectures. 606 $aComputer security 606 $aSoftware engineering 606 $aEnterprise application integration (Computer systems) 615 0$aComputer security. 615 0$aSoftware engineering. 615 0$aEnterprise application integration (Computer systems) 676 $a005.8 700 $aPilipchuk$b Roman$01354206 801 0$bNjHacI 801 1$bNjHacl 906 $aBOOK 912 $a9910647485703321 996 $aArchitectural Alignment of Access Control Requirements Extracted from Business Processes$93309831 997 $aUNINA LEADER 03778nam 2200661 a 450 001 996212478703316 005 20230721004107.0 010 $a1-282-34225-8 010 $a9786612342257 010 $a0-470-69778-4 010 $a0-470-69798-9 035 $a(CKB)1000000000687330 035 $a(EBL)470648 035 $a(OCoLC)609849640 035 $a(SSID)ssj0000297791 035 $a(PQKBManifestationID)11228038 035 $a(PQKBTitleCode)TC0000297791 035 $a(PQKBWorkID)10333890 035 $a(PQKB)10859936 035 $a(MiAaPQ)EBC470648 035 $a(EXLCZ)991000000000687330 100 $a20070228d2008 uy 0 101 0 $aeng 135 $aur|n|---||||| 181 $ctxt 182 $cc 183 $acr 200 10$aGoss's roofing ready reckoner$b[electronic resource] $emetric cutting and sizing tables for timber roof members 205 $a4th ed. 210 $aOxford ;$aMalden, Mass. $cBlackwell$d2008 215 $a1 online resource (194 p.) 300 $aRev. ed. of: Roofing ready reckoner / Ralph Goss. 2001. 311 $a1-4051-5921-9 320 $aIncludes bibliographical references (p. 177-181) and index. 327 $aGOSS'S ROOFING READY RECKONER; CONTENTS; 1 Introduction; 2 Roofing terminology; 3 Calculating the size of timber members; Strength and section size calculation; How do we calculate the loading on the roof?; Timber member sizing design: example; 4 Calculating the length and cutting angles of timber members: data tables 5-75.; The pitch; Using the tables to cut a common rafter; Hip jack rafters; Hip rafters; Valley jack rafters; The ridge; Purlins; Metric calculation tables; 5 Wall plates - strapping and gable strapping; 6 Wind bracing and openings for dormers and roof windows 327 $aOpenings for dormers and roof windows7 Roofing metalwork and fixings; Nails, bolts and screws; 8 Roof coverings - felt, battens and tiles; Underlay; Battens; Insulation and ventilation; Choosing the roof covering; 9 Roof coverings - building detail drawings; Natural slates; Concrete interlocking tiles; Plain and peg tiles; Asphalt shingles; Metal tiles; 10 Tools and equipment; Obtaining information from the drawing; To cut the roof; Setting up the roof structure; Roof coverings; 11 Health & safety considerations; Access to the roof; Basic principles 327 $aRestoration and renovation of existing roof structuresNewly constructed roofs; The roof covering; Conclusion; Bibliography; Index 330 $aGoss's Roofing Ready Reckoner provides rafter dimensions for timber roofs of any span and pitch. Additional information is provided on wall plate and gable strapping, wind bracing, truss clips and other roofing metalwork, and tools and equipment.This new edition includes roof timber member design tables, information on warm and cold roofs, their ventilation and insulation, plus detailed drawings for tiling, slating and other roof coverings.Also of interestRoof Construction and Loft ConversionFourth EditionC. N. Mindham978 14051 3963 2 606 $aRoofs$vHandbooks, manuals, etc 606 $aCarpentry$xMathematics$vHandbooks, manuals, etc 606 $aRoofing$vHandbooks, manuals, etc 606 $aEngineering mathematics$xFormulae$vHandbooks, manuals, etc 615 0$aRoofs 615 0$aCarpentry$xMathematics 615 0$aRoofing 615 0$aEngineering mathematics$xFormulae 676 $a694/.2 676 $a695.0299 700 $aGoss$b Ralph$0881306 701 $aMindham$b C. N$g(Chris N.)$0855360 701 $aGoss$b Ralph$0881306 801 0$bMiAaPQ 801 1$bMiAaPQ 801 2$bMiAaPQ 906 $aBOOK 912 $a996212478703316 996 $aGoss's roofing ready reckoner$91968237 997 $aUNISA